[Event "12. Online Aktivschach WM"]
[Site "Schachcomputer.info"]
[Date "2016.04.20"]
[Round "9.4"]
[White "Mephisto London 68030"]
[Black "Tasc CM 32 MHz Gideon 3.0"]
[Result "0-1"]
[WhiteElo "2339"]
[BlackElo "2353"]
[PlyCount "219"]
[EventDate "2016.??.??"]

1. Nf3 d5 2. g3 Nf6 3. c4 dxc4 4. Na3 Qd5 5. Qa4+ Nc6 6. Nb5 Kd8 7. Bg2 Bd7 8.
Nc3 Qc5 9. O-O e5 10. Qc2 Nd4 11. Nxd4 exd4 12. Ne4 Nxe4 13. Bxe4 Rb8 14. e3 d3
15. Qc3 Bh3 16. Re1 Be6 17. b3 f5 18. Bh1 h5 19. Bb2 h4 20. bxc4 Bxc4 21. Rec1
b5 22. a4 hxg3 23. fxg3 a6 24. Ba3 b4 25. Qxc4 Qxc4 26. Rxc4 bxa3 27. Rd4+ Ke8
28. Bc6+ Kf7 29. Rxd3 Bd6 30. Bd5+ Kf6 31. Bb3 g5 32. Rc3 a5 33. Rf1 Rbe8 34.
Ba2 Kg6 35. Bb1 Ref8 36. d4 g4 37. Bd3 Rh5 38. Rf2 Rfh8 39. Rg2 Re8 40. Bb5 Re7
41. Rgc2 Kf6 42. Bc6 Bb4 43. Rb3 Rh8 44. Rd3 Ke6 45. Rf2 Kd6 46. Bb5 Rh5 47.
Rc2 Rh3 48. Ba6 Rh8 49. Bb7 Rhe8 50. Kf2 Rb8 51. Bh1 Rh8 52. Kf1 Rhe8 53. Ke2
Re6 54. Kf2 Rh8 55. Kf1 Reh6 56. Kg1 Rh5 57. Rd1 Ke6 58. Rf1 Bd6 59. Bc6 Ke7
60. Rff2 R8h7 61. Rc3 Bb4 62. Rc1 Rh8 63. Bb7 Bd6 64. Rfc2 Kf6 65. Bc6 Rb8 66.
Bb5 Kg6 67. Rf2 Rbh8 68. Bc6 Kf7 69. Rb1 Ke6 70. Rb5 Bb4 71. Rc2 Kf6 72. Bd5
R8h7 73. Ba2 Re7 74. Re2 Bc3 75. Rd5 Kg6 76. Bc4 Rh8 77. Bd3 Rf8 78. Kf2 Rf6
79. Rc5 Bb4 80. Rb5 c6 81. Rb6 c5 82. Rxf6+ Kxf6 83. Bc4 Re8 84. Kf1 Re4 85.
Bd5 Re7 86. Bc4 cxd4 87. exd4 Rc7 88. Ba2 Rc3 89. Kf2 Rd3 90. d5 Rc3 91. Re6+
Kg5 92. Re2 Bd6 93. Ke1 Rd3 94. Bc4 Rd4 95. Bb3 f4 96. gxf4+ Rxf4 97. Kd2 Rf3
98. Kc2 Rh3 99. Bc4 Kh4 100. Rd2 Bb4 101. Rd1 Rc3+ 102. Kb1 Rxc4 103. d6 Kh3
104. d7 Be7 105. d8=Q Bxd8 106. Rxd8 Kxh2 107. Rh8+ Kg2 108. Ka2 Rxa4 109. Rh4
Kf3 110. Ka1 {0-1 Aufgegeben} 0-1

[Event "12. Online Aktivschach WM"]
[Site "Schachcomputer.info"]
[Date "2016.05.20"]
[Round "9.5"]
[White "Tasc R30 Gideon"]
[Black "Revelation II Vancouver"]
[Result "1/2-1/2"]
[WhiteElo "2318"]
[BlackElo "2350"]
[PlyCount "87"]

1. e4 d6 2. d4 Nf6 3. Nc3 g6 4. f4 Bg7 5. Nf3 O-O 6. Bd3 Nc6 7. e5 dxe5 8.
fxe5 Nh5 9. Be3 Bg4 10. Be2 f6 11. exf6 exf6 12. O-O f5 13. Qd2 f4 14. Bf2
{Vanc rechnet} 14... Be6 {Gideon rechnet} 15. Rae1 a6 16. Na4 b6 17. c4 Na5
18. d5 Bg4 19. b3 Re8 20. c5 Nb7 21. cxb6 Nd6 22. bxc7 Qxc7 23. Ng5 Bxe2 24.
Rxe2 f3 25. Rxe8+ Rxe8 26. Ne6 Qe7 27. gxf3 Nb5 28. Bc5 Qf6 29. Qa5 Nf4 30.
Nxf4 Qxf4 31. Kh1 Nc7 32. Qb4 Qxb4 33. Bxb4 Nxd5 34. Bc5 Nf4 35. Rd1 Re2 36.
a3 Be5 37. h4 Bf6 38. Rd6 Bxh4 39. Rxa6 Re1+ 40. Kh2 Re2+ 41. Kh1 Re1+ 42. Kh2
Re2+ 43. Kg1 Re1+ 44. Kh2 1/2-1/2

[Event "12. Online Aktivschach WM"]
[Site "Schachcomputer.info"]
[Date "2016.05.06"]
[Round "9.6"]
[White "Tasc CM 32 MHz King 2.54"]
[Black "Fidelity Elite V11"]
[Result "0-1"]
[WhiteElo "2376"]
[BlackElo "2333"]
[PlyCount "108"]
[EventDate "2016.??.??"]

1. e4 e6 2. d4 d5 3. e5 c5 4. Nf3 Nc6 5. Bd3 cxd4 6. O-O Nge7 7. Bf4 Ng6 8. Bg3
Qb6 9. Qc1 f6 10. exf6 gxf6 11. c3 e5 12. cxd4 e4 13. Nc3 Be6 14. Re1 Kf7 15.
Nxd5 Bxd5 16. Bxe4 Rd8 17. Bxd5+ Rxd5 18. Rd1 Bg7 19. Qc4 Rhd8 20. Rac1 Kf8 21.
Kh1 Nge5 22. Nxe5 Nxe5 23. Bxe5 fxe5 24. Rd3 Qxb2 25. Rf3+ Ke8 26. h3 Qxd4 27.
Qb3 Bh6 28. Qxb7 R5d7 29. Rc7 Rxc7 30. Qxc7 Qd1+ 31. Kh2 Bf4+ 32. Rxf4 exf4 33.
Qe5+ Kd7 34. Qf5+ Kc6 35. Qxh7 Qd4 36. Qc2+ Kd6 37. Qg6+ Kc7 38. Qc2+ Kb6 39.
Qb3+ Ka6 40. Qa3+ Kb7 41. Qb3+ Ka8 42. Qf3+ Kb8 43. Qb3+ Qb6 44. Qf3 Qb4 45.
Qh5 a5 46. Qe5+ Kb7 47. h4 Rd2 48. h5 f3 49. Qg7+ Kc6 50. Qf6+ Qd6+ 51. Qxd6+
Kxd6 52. h6 Ke5 53. h7 Rd8 54. g4 Kf4 0-1

[Event "12. Online Aktivschach WM"]
[Site "Schachcomputer.info"]
[Date "2016.05.09"]
[Round "9.7"]
[White "Mephisto Atlanta"]
[Black "Mephisto Montreux"]
[Result "1/2-1/2"]
[WhiteElo "2266"]
[BlackElo "2257"]
[PlyCount "122"]
[EventDate "2016.??.??"]

1. e3 d5 2. Nf3 Nf6 3. c4 e6 4. d4 dxc4 5. Bxc4 c5 6. O-O a6 7. Qe2 b5 8. Bb3
Bb7 9. Rd1 Nbd7 10. Nc3 Qb6 11. a4 c4 12. Bc2 b4 13. a5 Qc7 14. Na4 Rc8 15. Nb6
b3 16. Bb1 Nxb6 17. axb6 Qxb6 18. Ne5 Bd6 19. Nxc4 Bxh2+ 20. Kxh2 Qc6 21. e4
Qxc4 22. Bd3 Qc6 23. f3 O-O 24. Bxa6 Bxa6 25. Rxa6 Qc2 26. Qxc2 bxc2 27. Rd3
Nd7 28. Raa3 Rc7 29. Rdc3 Rfc8 30. Rxc7 Rxc7 31. Ra8+ Nf8 32. b3 g5 33. Ba3
c1=Q 34. Rxf8+ Kg7 35. Bxc1 Kxf8 36. Bxg5 Rb7 37. Bf6 Rxb3 38. Kh3 Ke8 39. Kh4
Kd7 40. Kg5 Rb2 41. g4 Rd2 42. Be5 Rd3 43. f4 Ke7 44. Bf6+ Ke8 45. Be5 Re3 46.
d5 Ke7 47. Bf6+ Kd7 48. dxe6+ Kxe6 49. f5+ Kd7 50. e5 Rh3 51. Bg7 Ke8 52. Kf6
Rg3 53. g5 Rc3 54. Bh6 Rc5 55. Bg7 Rc7 56. Bh6 Rc2 57. Kg7 Rf2 58. f6 Re2 59.
Kxh7 Rxe5 60. g6 fxg6 61. Kxg6 Re6 1/2-1/2

[Event "12. Online Aktivschach WM"]
[Site "Schachcomputer.info"]
[Date "2016.04.26"]
[Round "9.8"]
[White "Mephisto Atlanta 32 MHz"]
[Black "Millennium ChessGenius"]
[Result "1/2-1/2"]
[WhiteElo "2301"]
[BlackElo "2200"]
[Annotator "Wiselius,Paul"]
[PlyCount "56"]
[EventDate "2016.??.??"]

1. d4 c6 2. e4 d5 3. exd5 cxd5 4. c4 Nf6 5. Nc3 e6 6. Nf3 Bb4 7. cxd5 Nxd5 8.
Bd2 Nc6 9. Bd3 O-O 10. O-O Nf6 {* errechnet} 11. Ne4 {* errechnet} Bxd2 12.
Qxd2 Nxe4 13. Bxe4 Qd6 14. Rac1 h6 15. Rc5 Bd7 16. Rfc1 f5 17. Bxc6 Bxc6 18.
Ne5 Be4 19. f3 Bd5 20. b4 Rfe8 21. a3 b6 22. Rc7 Re7 23. R7c3 Bb7 24. Qe3 Rd8
25. Ng6 Red7 26. Ne5 Re7 27. Ng6 Red7 28. Ne5 Re7 1/2-1/2

[Event "12. Online Aktivschach WM"]
[Site "Schachcomputer.info"]
[Date "2016.04.21"]
[Round "9.9"]
[White "Millennium ChessGenius 80 MHz"]
[Black "Saitek Risc 2500"]
[Result "1-0"]
[WhiteElo "2250"]
[BlackElo "2244"]
[PlyCount "84"]
[EventDate "2016.??.??"]

1. d4 Nf6 2. c4 e6 3. Nc3 Bb4 4. e3 c5 5. Nge2 cxd4 6. exd4 {Buchende Schwarz}
d5 7. c5 Nc6 8. a3 Bxc3+ {Buchende Weiss} 9. Nxc3 Ne4 10. Nxe4 dxe4 11. Be3 O-O
12. Bc4 f5 13. g3 Qf6 14. Qd2 b6 15. O-O-O bxc5 16. dxc5 Ne5 17. Be2 Bb7 18.
Kb1 Nd3 19. b4 Rac8 20. h4 Rfd8 21. Bg5 Nxf2 22. Qxd8+ Rxd8 23. Bxf6 Rxd1+ 24.
Rxd1 Nxd1 25. Bd4 e5 26. Bxe5 Ne3 27. b5 Ba8 28. Bb8 a6 29. b6 Bb7 30. Kc1 Kf7
31. Be5 Ke6 32. Bxa6 Bxa6 33. c6 Nc4 34. b7 Nxe5 35. b8=Q Nd3+ 36. Kd2 Ne5 37.
c7 Nc4+ 38. Kd1 Nd6 39. Qg8+ Kf6 40. h5 g6 41. h6 f4 42. Qxh7 Nf5 1-0

[Event "12. Online Aktivschach WM"]
[Site "Schachcomputer.info"]
[Date "2016.04.19"]
[Round "9.10"]
[White "Mephisto Magellan"]
[Black "Novag Star Diamond"]
[Result "1-0"]
[WhiteElo "2239"]
[BlackElo "2183"]
[PlyCount "86"]
[EventDate "2016.??.??"]

1. d4 b5 2. e4 Bb7 3. Bxb5 Bxe4 4. Nf3 e6 5. O-O Nf6 6. Bg5 c6 7. Be2 Qb6 8. b3
d5 9. Bxf6 gxf6 10. Nbd2 Bb4 11. Nxe4 dxe4 12. Nd2 Qxd4 13. Nc4 Qd5 14. Qc1 Nd7
15. c3 Be7 16. Rd1 Qf5 17. Nd6+ Bxd6 18. Rxd6 Rg8 19. Rxc6 Ne5 20. Rc7 Nf3+ 21.
Kh1 Qe5 22. Bb5+ Kd8 23. Rd7+ Kc8 24. gxf3 Qxb5 25. Rxf7 Qf5 26. Qe3 exf3 27.
Qd4 Qd5 28. Qxf6 Rb8 29. Rxh7 Rd8 30. Rg1 Qd6 31. Rxa7 Rf8 32. Rf7 Rd8 33. Qxf3
Rb5 34. c4 Rb4 35. Rfg7 Kb8 36. a3 Rb6 37. Rg8 Rb7 38. c5 Qd2 39. Qe4 Rbd7 40.
Qe5+ Ka8 41. c6 Rxg8 42. Rxg8+ Rd8 43. Qxe6 Kb8 1-0

[Event "12. Online Aktivschach WM"]
[Site "Schachcomputer.info"]
[Date "2016.04.21"]
[Round "9.11"]
[White "Revelation II Diablo"]
[Black "Fidelity Designer 68030 50 MHz"]
[Result "1/2-1/2"]
[WhiteElo "2169"]
[BlackElo "2180"]
[PlyCount "36"]

1. e4 e5 2. f4 exf4 3. Nf3 g5 4. h4 g4 5. Ng5 Nh6 {*} 6. d3 f6 7. Bxf4 fxg5 8.
Bxg5 Be7 9. Bxh6 Bxh4+ 10. Kd2 Qf6 11. Qxg4 Qxh6+ 12. Ke2 Nc6 13. Qxh4 Qc1 14.
Qh5+ Kd8 15. Qh4+ Ke8 16. Qh5+ Kd8 17. Qh4+ Ke8 18. Qh5+ Kd8 1/2-1/2

[Event "12. Online Aktivschach WM"]
[Site "Schachcomputer.info"]
[Date "2016.04.20"]
[Round "9.12"]
[White "Mephisto Chess Explorer 32 MHz"]
[Black "Pewatronic Master Chess"]
[Result "0-1"]
[WhiteElo "2150"]
[BlackElo "2203"]
[PlyCount "90"]

1. d4 Nf6 2. c4 e6 3. Nf3 c5 4. d5 exd5 5. cxd5 d6 6. Nc3 g6 7. e4 Bg7 8. Bd3
O-O {*} 9. O-O Bg4 10. Re1 Re8 11. Bf4 a6 12. h3 Bh5 13. g4 Nxg4 14. hxg4 Bxg4
15. Bh2 b5 16. a3 Nd7 17. Be2 b4 18. axb4 cxb4 19. Nb1 Nc5 20. Nfd2 Bxb2 21.
Ra2 Bxe2 22. Qxe2 Bd4 23. Qc4 Qf6 24. Nf3 Qxf3 25. Qxd4 Nd3 26. Rae2 Red8 27.
Qb6 Qg4+ 28. Kf1 Qh4 29. Kg2 Qg5+ 30. Kf1 Qh5 31. Kg1 a5 32. Bxd6 Qg4+ 33. Kf1
Rxd6 34. Qxd6 Nf4 35. Qxf4 Qxf4 36. e5 Qf3 37. Rd2 Rc8 38. e6 Rc4 39. exf7+
Kxf7 40. d6 Rh4 41. Re7+ Kf6 42. Re6+ Kg7 43. Re7+ Kh6 44. Rxh7+ Kxh7 45. Re2
Rh1# 0-1

[Event "12. Online Aktivschach WM"]
[Site "Schachcomputer.info"]
[Date "2016.04.24"]
[Round "9.13"]
[White "Revelation II London"]
[Black "Novag Sapphire II"]
[Result "1-0"]
[WhiteElo "2400"]
[BlackElo "2153"]
[PlyCount "87"]
[EventDate "2016.??.??"]

1. e4 c5 2. c3 Nf6 3. e5 Nd5 4. d4 cxd4 5. Qxd4 e6 6. Nf3 Nc6 7. Qe4 d6 8. Nbd2
dxe5 9. Nxe5 Nxe5 10. Qxe5 Qd6 11. Bb5+ Bd7 12. Bxd7+ Qxd7 {*} 13. Nf3 f6 14.
Qh5+ g6 15. Qg4 O-O-O 16. O-O g5 17. Qd4 g4 18. Qxg4 Bc5 19. Qc4 Qc7 20. Qe4
Rhe8 21. Nd4 Kb8 22. Nxe6 Qb6 23. Nxc5 Rxe4 24. Nxe4 f5 25. Ng5 Re8 26. Nxh7
Re2 27. Ng5 Nf6 28. Nf3 Qc5 29. Nd4 Re4 30. f3 Re8 31. Bf4+ Ka8 32. Rfe1 Rd8
33. Bg5 Qb6 34. Rab1 Qa6 35. Re6 Qxa2 36. Rbe1 Qxb2 37. Bxf6 Rb8 38. Nxf5 Qb5
39. Nd6 Qd5 40. Ne8 Qc5+ 41. Bd4 Qa5 42. R6e5 b5 43. Re7 Rd8 44. Rxa7+ 1-0

[Event "12. Online Aktivschach WM"]
[Site "Schachcomputer.info"]
[Date "2016.04.20"]
[Round "9.14"]
[White "Mephisto Chess Challenger 40 MHz"]
[Black "Mephisto Milano Pro"]
[Result "1-0"]
[WhiteElo "2200"]
[BlackElo "2163"]
[PlyCount "91"]

1. c4 e5 2. Nc3 Nf6 3. Nf3 Nc6 4. g3 d5 5. cxd5 Nxd5 6. Bg2 Be6 7. O-O Nb6 8.
d3 Be7 9. b3 O-O 10. Bb2 f5 11. e3 Bf6 12. Rc1 Qe7 13. Ne1 Rfd8 14. Qe2 Nd5
15. Nxd5 Bxd5 16. f4 e4 17. Bxf6 Qxf6 18. dxe4 fxe4 19. Rd1 Qg6 20. Nc2 Rd7
21. f5 Qf7 22. f6 Rad8 23. fxg7 Qxg7 24. Nd4 Nxd4 25. Rxd4 c5 26. Ra4 b6 27.
Bxe4 Be6 28. Qh5 Rd2 29. Bf5 Bxf5 30. Qxf5 Kh8 31. Rg4 Qe7 32. Re4 Qg7 33. Qh5
Rg8 34. Re8 Rd7 35. Rxg8+ Qxg8 36. Qe5+ Rg7 37. Rd1 h6 38. Rd6 Kh7 39. Qf5+
Rg6 40. Rf6 a5 41. Rf7+ Kh8 42. Rf8 Qxf8 43. Qxf8+ Kh7 44. e4 Rg8 45. Qf5+ Kh8
46. Qf6+ { 1-0 Aufgegeben} 1-0